00481nam a2200169Ia 4500008004100000041001200041082002000053100001500073245005500088365000700143520001300150546001200163630005500175650001300230655001300243730005500256101110s9999 xx 000 0 und d aENGLISH bSR10346a341.57 aRamaiya A. aGuide to the companies act (act I of 1956 amended) b85 aCommerce aENGLISH aGuide to the companies act (act I of 1956 amended) aCommerce aCommerce aGuide to the companies act (act I of 1956 amended)